Psicología cognitiva / (Record no. 45491)

MARC details
000 -LEADER
campo de control de longitud fija 00620nam a2200193 i 4500
001 - NÚMERO DE CONTROL
campo de control 45491
003 - IDENTIFICADOR DE NÚMERO DE CONTROL
campo de control ES-MaACL
005 - FECHA Y HORA DE LA ÚLTIMA TRANSACCIÓN
campo de control 20230906161227.0
007 - CAMPO FIJO DE DESCRIPCIÓN FÍSICA--INFORMACIÓN GENERAL
campo de control de longitud fija t|
008 - DATOS DE LONGITUD FIJA--INFORMACIÓN GENERAL
campo de control de longitud fija 030326s1983 sp ||||1| spa d
100 1# - ENTRADA PRINCIPAL--NOMBRE DE PERSONA
Nombre de persona Cohen, Gillian.
9 (RLIN) 39494
245 10 - MENCIÓN DEL TÍTULO
Título Psicología cognitiva /
Mención de responsabilidad, etc. Gillian Cohen ; versión de Mª José González Labra y Guillermo Gil Escudero.
250 ## - MENCION DE EDICION
Mención de edición [1ª ed.].
260 ## - PUBLICACIÓN, DISTRIBUCIÓN, ETC.
Lugar de publicación, distribución, etc. [Madrid] :
Nombre del editor, distribuidor, etc. Alhambra,
Fecha de publicación, distribución, etc. [1983]
300 ## - DESCRIPCIÓN FÍSICA
Extensión VII, 303 p. :
Otras características físicas il. ;
Dimensiones 20 cm.
700 1# - ENTRADA AGREGADA--NOMBRE PERSONAL
Nombre de persona González Labra, María José.
9 (RLIN) 58736
700 1# - ENTRADA AGREGADA--NOMBRE PERSONAL
Nombre de persona Gil Escudero, Guillermo.
9 (RLIN) 56814
852 ## - LOCALIZACIÓN
Ubicación ES-MaACL
Número de control de estantería L-4343
Sublocalización o colección R.104646
Holdings
Estatus retirado Estado de pérdida Estado de daño No para préstamo Biblioteca de origen Biblioteca actual Ubicación en estantería Fecha de adquisición Fuente de adquisición Total de préstamos Signatura topográfica completa Código de barras Visto por última vez Precio de reemplazo Tipo de ítem Koha
        Biblioteca del Ateneo de Madrid Biblioteca del Ateneo de Madrid Depósito 2 17/01/2008     L-4343 1047864 23/02/2023 23/02/2023 Libro impreso